Superaprendizaje : (Registro nro. 29507)
[ vista simple ]
| 000 -LEADER | |
|---|---|
| fixed length control field | 01085nam a22002657a 4500 |
| 003 - CONTROL NUMBER IDENTIFIER | |
| control field | OSt |
| 005 - DATE AND TIME OF LATEST TRANSACTION | |
| control field | 20220629130723.0 |
| 008 - FIXED-LENGTH DATA ELEMENTS--GENERAL INFORMATION | |
| fixed length control field | 220613t2002 sp a|||gr|||| 00| | spa d |
| 020 ## - INTERNATIONAL STANDARD BOOK NUMBER | |
| International Standard Book Number | 847556206X |
| 040 ## - CATALOGING SOURCE | |
| Original cataloging agency | CO-JMCR |
| Transcribing agency | CO-JMCR |
| 041 0# - LANGUAGE CODE | |
| Language code of text/sound track or separate title | spa |
| 082 04 - DEWEY DECIMAL CLASSIFICATION NUMBER | |
| Classification number | 370.1523 |
| Item number | B276s |
| Edition number | 23 |
| 100 1# - MAIN ENTRY--PERSONAL NAME | |
| Personal name | Barrios, Francisco José |
| 9 (RLIN) | 42088 |
| Relator term | autor |
| 245 10 - TITLE STATEMENT | |
| Title | Superaprendizaje : |
| Remainder of title | cómo aprender más estudiando menos, guía del estudiante eficiente / |
| Statement of responsibility, etc. | Francisco Barrios |
| 260 ## - PUBLICATION, DISTRIBUTION, ETC. | |
| Place of publication, distribution, etc. | Barcelona : |
| Name of publisher, distributor, etc. | Oceano Ambar, |
| Date of publication, distribution, etc. | ©2002 |
| 300 ## - PHYSICAL DESCRIPTION | |
| Extent | 130 páginas : |
| Other physical details | ilustraciones a blanco y negro ; |
| Dimensions | 21 cm. |
| 490 0# - SERIES STATEMENT | |
| Series statement | Muy personal |
| 504 ## - BIBLIOGRAPHY, ETC. NOTE | |
| Bibliography, etc. note | Bibliografía: páginas 127-130. |
| 505 0# - FORMATTED CONTENTS NOTE | |
| Formatted contents note | Cómo funciona la mente -- El ambiente de estudio -- El estudiante como atleta -- Técnicas de estudio -- Las nuevas tecnologías -- Para saber más. |
| 520 ## - SUMMARY, ETC. | |
| Summary, etc. | Manual para ayudar padres, alumnos y educadores para enseñar a estudiar de manera optimizada. |
| 650 24 - SUBJECT ADDED ENTRY--TOPICAL TERM | |
| Topical term or geographic name entry element | Aprendizaje |
| 9 (RLIN) | 36075 |
| 650 14 - SUBJECT ADDED ENTRY--TOPICAL TERM | |
| Topical term or geographic name entry element | Neuropedagogía |
| 9 (RLIN) | 9546 |
| 650 24 - SUBJECT ADDED ENTRY--TOPICAL TERM | |
| Topical term or geographic name entry element | Psicología de la Educación |
| 9 (RLIN) | 42092 |
| 942 ## - ADDED ENTRY ELEMENTS (KOHA) | |
| Source of classification or shelving scheme | Dewey Decimal Classification |
| Koha item type | Books |
| Withdrawn status | Lost status | Source of classification or shelving scheme | Damaged status | Not for loan | Home library | Current library | Date acquired | Source of acquisition | Full call number | Barcode | Date last seen | Copy number | Price effective from | Koha item type |
|---|---|---|---|---|---|---|---|---|---|---|---|---|---|---|
| Dewey Decimal Classification | Biblioteca Pública José María del Castillo y Rada | Biblioteca Pública José María del Castillo y Rada | 06/13/2022 | Compra | 370.1523 / B276s | 201811524 | 05/16/2024 | Ej. 1 | 06/13/2022 | Books |